|
|
|
|
| LEADER |
01562nam a2200277 a 4500 |
| 001 |
00620861 |
| 003 |
GR-PaULI |
| 008 |
981029s1975 it i000 0 eng d |
| 020 |
|
|
|a 9250002416
|q suppl.
|
| 040 |
|
|
|a GrPaTEI
|b gre
|c GR-PaULI
|
| 041 |
0 |
|
|a eng
|a fre
|
| 082 |
|
0 |
|a 639.806
|
| 111 |
2 |
|
|a Symposium on Aquaculture in Africa
|d (1975 :
|c Accra, Ghana)
|
| 245 |
1 |
0 |
|a Symposium on Aquaculture in Africa =
|b Symposium sur l' aquiculture en Afrique : Accra, Ghana, 30 September-2 October 1975: report /
|c Food and Agriculture Organization of the United Nations.
|
| 246 |
1 |
1 |
|a Symposium sur l' aquiculture en Afrique
|b Accra, Ghana, 30 septembre - 2 octobre 1975
|b rapport
|b exposes generaux et comptes-rendus d' experiences
|
| 260 |
|
|
|a Rome :
|b Food and Agriculture Organization of the United Nations,
|c 1976.
|
| 300 |
|
|
|a 791 σ. :
|b πίν. ;
|c 28 εκ.
|
| 490 |
1 |
|
|a CIFA technical paper ;
|v no. 4
|
| 650 |
|
7 |
|a Υδατοκαλλιέργεια
|z ΑΦρική
|v Συνέδρια
|2 lcsh/gre
|
| 710 |
|
|
|a Food and Agriculture Organization of the United Nations
|
| 710 |
0 |
|
|a Food and Agriculture Organization of the United Nations
|
| 830 |
|
0 |
|a CIFA Technical Paper (Food and Agriculture Organization of the United Nations) ;
|v 4
|
| 942 |
|
|
|2 ddc
|
| 952 |
|
|
|0 0
|1 0
|2 ddc
|4 0
|6 639_806000000000000_FAO
|7 0
|9 250402
|a MSLG
|b MSLG
|c BSC
|d 2021-01-17
|e 24
|f 0
|g 0.00
|l 0
|o 639.806 FAO
|p 99242000029075
|r 2021-01-17 00:00:00
|t 1
|w 2021-01-17
|y BK15
|x ΜΕΤΑΦΟΡΑ ΑΠΟ ΒΙΒΛΙΟΘΗΚΗ ΗΓΟΥΜΕΝΙΤΣΑΣ
|x GrPaTEI
|
| 971 |
|
|
|a .b11761805
|b 24-09-20
|c 27-08-15
|
| 999 |
|
|
|c 148627
|d 148627
|